| 000 | 01035 a2200265 4500 | ||
|---|---|---|---|
| 003 | dpl | ||
| 005 | 20090304104351.0 | ||
| 008 | 090304t xxu||||| |||| 00| 0 eng d | ||
| 010 | _aENG-88670 | ||
| 020 |
_c495.00 _a8189005138 |
||
| 035 | _aEN-72203 | ||
| 037 | _bDBAD / VEN | ||
| 040 |
_aDPL _cDPL |
||
| 082 | _a303.625 | ||
| 100 | _aBhatt, Ashok | ||
| 245 |
_aGlobal terrorism/ _cby Ashok Bhatt |
||
| 260 |
_aNew Delhi _bSaurabh Publishing House _c2007 |
||
| 260 |
_aNew Delhi _bLotus Press _c2007 |
||
| 270 |
_a4263/3, Ansari Road, Daryaganj, _bNew Delhi _e110 002 |
||
| 300 |
_av, 312p. : _c22cm (Hb) |
||
| 500 | _aIncludes bibliographical references and index | ||
| 942 |
_adpl _cEN _k303.625 / BHA _2ddc _h303.625 _mBHA |
||
| 999 |
_c8994 _d8994 |
||